00750nam a2200169 a 4500003000200000005001700002008004100019050002700060100002600087245017900113260009000292300004000382504004100422650004200463650004200505650003300547020250508102933.0970101s19uu xx 00 eng d aPHS JF 1051b.T56 2004 aTimbol, Daryl Kyle P. aA Study on the perceptions of the voters of Brgy. Putatan, Muntinlupa City on the characteristics that affect the winnability of political candidates /cDaryl Kyle P. Timbol. aLas Piñas City, Philippines :bSouthville International School and Colleges,c2004. a30 pages :billustrations ;c28 cm. aIncludes bibliographical references. aVotingzPhilippineszMuntinlupa City. aPolitical candidatesxPublic opinion. aPublic opinionzPhilippines.